000 00514nam a2200169 4500
001 143213
003 ES-MaACL
005 20230906200743.0
007 t|
008 070214s1955 sp r ||||1| spa d
100 1 _aSemon, Henry C. G.
_9105395
245 1 0 _aAtlas de dermatología /
_cHenry C. G. Semon.
250 _a1ª. ed. española traducida de la 4ª. ed. inglesa.
260 _aBarcelona :
_bSalvat,
_c1955.
300 _aVII, 370 p., 167 lám :
_bil. ;
_c25 cm.
852 _aES-MaACL
_jA-3507
_bR.37463
999 _c143213
_d143213